| 000 | 00920nmc a2200325 a 4500 | ||
|---|---|---|---|
| 003 | AR-BaBNM | ||
| 005 | 20251128205355.0 | ||
| 008 | 247019s1994 ||||||||||||||000 | spa|| | ||
| 020 | _a84-7774-105-0 | ||
| 040 | _cAR-BaBNM | ||
| 100 | 1 | _aSebastián, María Victoria | |
| 245 | 1 | 0 | _aAprendizaje y memoria a lo largo de la historia |
| 260 |
_aMadrid _bVisor _c1994 |
||
| 300 | 0 | _a199 p. | |
| 490 | 0 |
_aAprendizaje _vv. 105 |
|
| 504 | _aBibliografía: p. 187-199 | ||
| 650 | 4 | _aMEMORIA | |
| 650 | 4 | _aAPRENDIZAJE | |
| 650 | 4 | _aHISTORIA DE LA EDUCACION | |
| 650 | 4 | _aTEORIAS DEL APRENDIZAJE | |
| 650 | 4 | _aTEORIAS DE LA EDUCACION | |
| 650 | 4 | _aTEORIAS PSICOLOGICAS | |
| 653 | 0 | _aPROCESO DE ENSENANZA-APRENDIZAJE | |
| 653 | 0 | _aPSICOLOGIA COGNITIVA | |
| 653 | 0 | _aHISTORIA DEL PENSAMIENTO | |
| 800 | 1 |
_aAlvarez, Amelia _edirector |
|
| 800 | 1 |
_aDel Río, Pablo _edirector |
|
| 942 | _cBK | ||
| 998 | _cSILVI | ||
| 999 |
_c11145 _d11145 |
||